Linux administration : (Record no. 62155)

MARC details
000 -LEADER
fixed length control field 00671nam a22001817a 4500
005 - DATE AND TIME OF LATEST TRANSACTION
control field 20120207122546.0
020 ## - INTERNATIONAL STANDARD BOOK NUMBER
International Standard Book Number 0070611181
Terms of availability 00.00
035 ## - SYSTEM CONTROL NUMBER
System control number B-225749
037 ## - SOURCE OF ACQUISITION
Stock number DPL
Source of stock number/acquisition ENG
100 ## - MAIN ENTRY--PERSONAL NAME
Personal name Shah, Steve
245 ## - TITLE STATEMENT
Title Linux administration :
Remainder of title A beginner's guide /
Statement of responsibility, etc by Steve Shah and Wale Soyinka
250 ## - EDITION STATEMENT
Edition statement 4th ed.
260 ## - PUBLICATION, DISTRIBUTION, ETC. (IMPRINT)
Place of publication, distribution, etc New Delhi
Name of publisher, distributor, etc Tata McGraw-Hill Publishing
Date of publication, distribution, etc 2005
300 ## - PHYSICAL DESCRIPTION
Extent xxi, 630p.
Dimensions 22 cms.
700 ## - ADDED ENTRY--PERSONAL NAME
Personal name Soyinka, Wale
9 (RLIN) 41066
942 ## - ADDED ENTRY ELEMENTS (KOHA)
Source of classification or shelving scheme Dewey Decimal Classification
Item type English Books
Classification part 005.4
Call number suffix SHA
Holdings
Withdrawn status Lost status Not for loan Collection code Home library Current library Date acquired Cost, normal purchase price Full call number Barcode Cost, replacement price Koha item type Source of acquisition
      Non-fiction Sarojini Nagar Sarojini Nagar 07/02/2012 0.00 005.4 SHA B-225749 0.00 English Books  
      Non-fiction Yojana Vihar Yojana Vihar 13/07/2019 0.00 005.4 SHA B-227829 0.00 English Books BPPD/PUB

© Delhi Public Library
Hit Counter
free hit counter